| 000 | 00563nam a2200109Ia 4500 | ||
|---|---|---|---|
| 008 | 171212s9999 xx 000 0 und d | ||
| 100 | _aPrice, Rebecca Anhang;Blanchard, Janice C.;Harris, Racine;Ruder, Teague;Gresenz, Carole Roan | ||
| 245 |
_cPrice, Rebecca Anhang;Blanchard, Janice C.;Harris, Racine;Ruder, Teague;Gresenz, Carole Roan _aMonitoring Cancer Outcomes Across the Continuum _bData Synthesis and Analysis for the District of Columbia |
||
| 260 |
_bRAND Corporation _c2012 |
||
| 650 | _aHealth Sciences | ||
| 856 | _uwww.jstor.org/stable/10.7249/j.ctt3fh200 | ||
| 999 |
_c352338 _d352338 |
||